000 00890nam a2200277 i 4500
001 10992
003 ES-MaACL
005 20250831063030.0
007 t|
008 921016s1992 sp |||| | spa j
020 _a84-7286-332-8
080 _a325.25(=1.460:729.1)"18/19"
080 _a314(729.1)"18/19"
100 1 _aMaluquer de Motes, Jordi,
_d1946-
_975879
245 1 0 _aNación e inmigración
_b: los españoles en Cuba (ss. XIX y XX) /
_cJordi Maluquer de Motes.
250 _a1ª ed.
260 _a[Gijón] :
_bJúcar,
_c1992.
300 _a190 p. :
_bgráf. ;
_c20 cm.
490 1 _aCruzar el charco ;
_v1
504 _aBibliografía: p. 173-182.
650 1 4 _aEspañoles-
_zCuba-
_vHistoria.
_9168753
651 4 _aCuba-
_xPoblación-
_vHistoria.
_9168754
830 0 _aCruzar el charco ;
_v1
_9178898
852 _aES-MaACL
_jL-18344
999 _c10992
_d10992